000 00784nam a2200265Ia 4500
003 OSt
005 20220928122908.0
006 a|||||r|||| 00| 0
007 ta
008 220927b |||||||| |||| 00| 0 eng d
020 _c4666.6655000000001
024 _a105688
037 _b2298, 01/02/2010, New India Book Agency
_cTextual
040 _aSDCL
_cSDCL
_beng
041 _2eng
_aeng
082 _aLX3, P9
100 _aKenakin Terry P
_9459413
245 0 _aPharmacology primer
_b Theory,applications and methods.
250 _a3
260 _aAmsterdam
_bAcademic Press
_c2009
300 _axix, 389p
_ccm.
650 _aBiochemistry
942 _hLX3, P9
_cTEXL
_2CC
999 _c772752
_d772752